| 000 | 03128nas a2200313 a 4500 | ||
|---|---|---|---|
| 001 | 000557026 | ||
| 003 | AM-YeHGA | ||
| 005 | 20251125120604.0 | ||
| 008 | 071112d18611867tu wr|p|||||||||||||arm|d | ||
| 040 | _aAM-YeHGA | ||
| 041 | 0 | _aarm | |
| 245 | 0 | 0 |
_aԾաղիկ : _bՀանդէս տասնօրէայ / _cՏնօրէն եւ խմբագիր՝ Ա. Հայկունի եւ Գ. Չիլինկիրեան. |
| 260 |
_aԶմիւռնիա : _bտպ. Յարութիւն Տէտէեան, _c1861-1865, 1867; |
||
| 260 |
_aԿ. Պոլիս ։ _bտպ. Արամեան, _c1865-1867. |
||
| 300 |
_a16 էջ ; _c27 x 21 սմ. |
||
| 362 | 0 | _a1861-1867 | |
| 500 | _aՊրոպագանդել է առաջադիմական-դեմոկրատական, սոցիալ-քաղաքական և ազգային-ազատագրական հայացքները, ձաղկել պահպանողական մամուլը։ Սատարել է աշխարհաբարի և հայ նոր գրականության զարգացմանը։ Ընթերցողներին ծանոթացրել է Միքայել Նալբանդյանի աշխարհայացքին, նյութեր հրապարակել նրա կյանքի ու գործունեության մասին։ Պարզաբանել է Ազգային սահմանադրության էությունը, պայքարել նրա գործադրության համար։ Տպագրել է Ս. Հայկունու, Դ. Չիլինկիրյանի գրական-հրապարակախոսական գործերը, Մ. Մամուրյանի «Անգլիական նամականի», «Զմյուռնիական նամականի» երկերը, Վիկտոր Հյուգոյի, Ալֆրեդ դը Մյուսեի, էմ. դը ժերարդենի, Վիկտոր Լանգլուայի, Ժան Ռասինի ստեղծագործությունները, նյութեր՝ նվիրված կրթության ու դաստիարակության, թատրոնի զարգացման, մամուլի դերի, տնտեսագիտության, կանանց ազատագրության, ազգապահպանման ու համախմբման հարցերին։ Լուսաբանել է Զմյուռնիայի հասարակական և մշակութային կյանքը։ | ||
| 500 | _a1861-ից մինչև 1965 թ.108-ը և 1867թթ. 135-146-ը տպագրվել է Զմյուռնիայում, իսկ 1865-ի. թ. 109-ից մինչև 1867-ի թ.134-ը՝ Կ. Պոլսում: | ||
| 650 | 0 | 4 | _aԱմսագիր |
| 650 | 1 | 4 |
_aՀասարակական-քաղաքական կյանք _vՊարբերականներ _yXIXդ. |
| 650 | 1 | 4 |
_aՍոցիալ-տնտեսական կյանք _vՊարբերականներ _yXIXդ. |
| 651 | 4 | _aԻզմիր (Զմյուռնիա) | |
| 651 | 4 |
_aՍտամբուլ _95934 |
|
| 651 | 4 | _aԹուրքիա | |
| 700 | 1 |
_aՀայկունի, Արմենակ (Համբարձում Ճիզմէճեան) Յարութիւնի, _eտնօրէն եւ խմբ. _d1835-1866 |
|
| 700 | 1 |
_aՉիլինկիրեան, Գրիգոր Յովակիմի, _eտնօրէն եւ խմբ. _d1839-1923 |
|
| 856 | 4 | 1 |
_uhttps://tert.nla.am/mamul/Caxik%201861-1867/Table.html _yԿարդալ առցանց |
| 942 |
_2udc _cCR |
||
| 999 |
_c215902 _d215902 |
||